000
00331 a2200145 4500
001
170132
020
_a
040
_c
Magnum
100
_a
Moraes, Antonio Carlos Robert
240
1
0
_a
Meio ambiente e ciencias humanas
_l
por
245
1
0
_a
Meio ambiente e ciencias humanas
362
0
_a
1899
697
_a
ECOLOGIA
942
_c
BK
999
_c
170132
_d
170132